Environmental Monitoring and Characterization (Record no. 245810)

MARC details
000 -LEADER
fixed length control field 00503nam a2200193Ia 4500
008 - FIXED-LENGTH DATA ELEMENTS--GENERAL INFORMATION
fixed length control field 240913s9999||||xx |||||||||||||| ||und||
020 ## - INTERNATIONAL STANDARD BOOK NUMBER
International Standard Book Number 81-312-0088-4
082 ## - DEWEY DECIMAL CLASSIFICATION NUMBER
-- 574.5222 P6
100 ## - MAIN ENTRY--PERSONAL NAME
Personal name Artiola,Janick.F et al.
245 #0 - TITLE STATEMENT
Title Environmental Monitoring and Characterization
250 ## - EDITION STATEMENT
Edition statement Ist
260 ## - PUBLICATION, DISTRIBUTION, ETC. (IMPRINT)
Date of publication, distribution, etc 2006
Name of publisher, distributor, etc Elsevier India (P) Limited,New
500 ## - GENERAL NOTE
General note REFERENCE
650 ## - SUBJECT ADDED ENTRY--TOPICAL TERM
Topical term or geographic name as entry element Environment
942 ## - ADDED ENTRY ELEMENTS (KOHA)
Item type Reference
Holdings
Withdrawn status Lost status Damaged status Permanent location Current location Shelving location Date acquired Source of acquisition Cost, normal purchase price Full call number Barcode Date last seen Koha item type
      CENTRAL LIBRARY, NOORUL ISLAM CENTRE FOR HIGHER EDUCATION CENTRAL LIBRARY, NOORUL ISLAM CENTRE FOR HIGHER EDUCATION   08/29/2009 Higginbothams Private Ltd 1395.00 574.5222 P6 34634 09/13/2024 Reference
Visitors:
Copyright © 2024 Central Library NICHE.  All rights reserved.